| 000 | 00630nam a2200181 a 4500 | ||
|---|---|---|---|
| 001 | 000024090 | ||
| 005 | 20200930022717.0 | ||
| 008 | 110118s1983 pn r 000 0 spa d | ||
| 040 |
_aDO-SdBNP _bspa _cBNPHU |
||
| 082 |
_aPa864.44 _bM676c |
||
| 100 | 1 |
_aMiró Grimaldo, Rodrigo _949491 |
|
| 245 | 1 | 0 |
_aCuatro ensayos sobre la poesía de Ricardo Miró / _cRodrigo Miró Grimaldo. |
| 260 |
_aRepública de Panamá : _bUniversitara, _c1983. |
||
| 300 |
_a97 p. ; _c21 cm. |
||
| 504 | _aIncluye referencias bibliográficas y notas al pie de las páginas. | ||
| 650 | 4 |
_aEnsayos panameños _920883 |
|
| 650 | 4 |
_aLiteratura panameña _94261 |
|
| 999 |
_c23585 _d23585 |
||